[Event "29th Mem Nezhmetdinov"]
[Site "Kazan RUS"]
[Date "2007.06.05"]
[Round "5"]
[White "Sadykov,Air"]
[Black "Islamov,M"]
[Result "0-1"]
[WhiteElo "2108"]
[BlackElo "2214"]

1.Nf3 e6 2.c4 Nf6 3.d4 b6 4.Nc3 Bb7 5.a3 Be7 6.Qc2 d5 7.cxd5 Nxd5 8.e4 Nxc3
9.bxc3 O-O 10.Be3 c5 11.Bd3 cxd4 12.cxd4 Qc8 13.Qd2 Nc6 14.O-O Rd8 15.Qe2 Bf6
16.e5 Be7 17.Rfd1 Qd7 18.Bc2 Na5 19.Ng5 Bxg5 20.Bxg5 Qc6 21.f3 Rdc8 22.Rac1 Qe8
23.Qd3 g6 24.Qe2 Rc4 25.Be4 Rxc1 26.Rxc1 Rc8 27.Bxb7 Rxc1+ 28.Bxc1 Nxb7 29.Qc4 Qd8
30.g3 Na5 31.Qc3 Qd7 32.Kf2 Nc6 33.Ke3 Kg7 34.Bb2 Qd5 35.Kf2 h6 36.Kg2 a5
37.a4 g5 38.Kh3 b5 39.axb5 Qxb5 40.Ba3 h5 41.Qc1 Kh6 42.Bf8+ Kg6 43.Qc2+ f5
44.exf6 Kxf6 45.Kg2 Nxd4 46.Qf2 Qe2 47.Qxe2 Nxe2 48.Bc5 Nc1 49.Bd4+ Kf5 50.Kf1 Nb3
51.Bb2 g4 52.fxg4+ hxg4 53.Kg2 a4 54.h3 gxh3+ 55.Kxh3 Kg5 56.g4 Kf4 57.Kh4 Nc5
58.Bc1+ Kf3 59.g5 e5 60.g6 Ne6 61.Kh5 e4  0-1

[Event "1st Alushta Summer"]
[Site "Alushta UKR"]
[Date "2007.06.06"]
[Round "6"]
[White "Malaniuk,V"]
[Black "Shtyrenkov,V"]
[Result "0-1"]
[WhiteElo "2529"]
[BlackElo "2435"]

1.d4 Nf6 2.Nf3 e6 3.c4 b6 4.Nc3 Bb7 5.Bg5 h6 6.Bh4 Be7 7.e3 c5 8.dxc5 bxc5
9.Qc2 Qb6 10.Rd1 O-O 11.Be2 Rd8 12.Rd2 Na6 13.a3 Rab8 14.O-O Nc7 15.Rb1 a5
16.b3 Bc6 17.Rdd1 Qb7 18.Bg3 Ne4 19.Ne1 Nxg3 20.hxg3 d5 21.Bf3 d4 22.Bxc6 Qxc6
23.Ne2 dxe3 24.fxe3 Bg5 25.Kf2 Ne8 26.Nf3 Nf6 27.Nxg5 hxg5 28.Kg1 Qe4 29.Rxd8+ Rxd8
30.Qxe4 Nxe4 31.Re1 g4  0-1

[Event "2nd Maia Chiburdanidze Cup"]
[Site "Tbilisi GEO"]
[Date "2007.06.06"]
[Round "1"]
[White "Gogochuri,L"]
[Black "Gaprindashvili,V"]
[Result "1/2-1/2"]
[WhiteElo "2155"]
[BlackElo "2489"]

1.d4 e6 2.Nf3 Nf6 3.c4 b6 4.Nc3 Bb7 5.e3 Bb4 6.Bd2 O-O 7.Bd3 Bxc3 8.Bxc3 Ne4
9.Bxe4 Bxe4 10.d5 c5 11.Nd2 Bg6 12.h4 exd5 13.cxd5 Qe7 14.Qf3 d6 15.h5 Bd3
16.h6 g6 17.Bf6 Qc7 18.e4 c4 19.Rc1 Rc8 20.Rh3 Nd7 21.Qf4 Nc5 22.Re3 Qd7
23.Bg5 f5 24.exf5 Bxf5 25.Kf1 Re8 26.Rcc3 Bd3+ 27.Kg1 Rxe3 28.Qxe3 Re8 29.Qd4 Re1+
30.Kh2 b5 31.Nf3 Re4 32.Qf6 Re2 33.Nd2 Re1 34.Nf3 Ne4 35.Qd4 Re2 36.Rxd3 Nxg5
37.Re3 Nxf3+ 38.Rxf3 Qe7 39.g3 Re4 40.Qc3 Qe5 41.Qa5 Qe8 42.Qxa7 Re7 43.Qb6 g5
44.Qxd6 Re1 45.g4 Qe5+ 46.Qxe5 Rxe5 47.d6 Re6 48.d7 Rxh6+ 49.Kg3 Rd6 50.Rf5 h6
51.Rxb5 Rxd7 52.Rc5 Rd3+ 53.f3 Rd2 54.Rxc4 Rxb2 55.Ra4 Kf7 56.f4 gxf4+ 57.Kxf4 Rf2+  1/2-1/2

[Event "2nd Maia Chiburdanidze Cup"]
[Site "Tbilisi GEO"]
[Date "2007.06.08"]
[Round "3"]
[White "Guramishvili,S"]
[Black "Bagaturov,G"]
[Result "0-1"]
[WhiteElo "2267"]
[BlackElo "2478"]

1.d4 Nf6 2.c4 e6 3.Nf3 b6 4.Nc3 Bb7 5.e3 g6 6.Bd3 Bg7 7.O-O d6 8.d5 O-O 9.e4 Nbd7
10.Bg5 h6 11.Bh4 e5 12.b4 Qc8 13.Na4 a5 14.c5 bxc5 15.bxc5 c6 16.Bxf6 Bxf6
17.Rc1 cxd5 18.exd5 Nxc5 19.Bb5 Qd8 20.Nxc5 dxc5 21.Rxc5 e4 22.Nd2 Bd4 23.Rc2 Qxd5
24.Bc4 Qg5 25.Kh1 Rad8 26.Qe2 Qf4 27.Rb1 Ba8 28.Nf1 Be5 29.Rb5 Bc7 30.Bb3 Rd4
31.Rbc5 Bb6 32.Rc8 Bb7 33.Rxf8+ Kxf8 34.Rb2 Rd6 35.Kg1 Bd4 36.g3 Qf5 37.Ne3 Qg5
38.Rd2 Ba6 39.Bc4 Bc8 40.Qd1 Qxe3 41.fxe3 Bxe3+ 42.Kh1 Rxd2 43.Qe1 Bh3 44.Bf1 Bxf1
45.Qxf1 Bd4 46.Qf4 e3 47.Qxh6+ Kg8  0-1

[Event "2nd Maia Chiburdanidze Cup"]
[Site "Tbilisi GEO"]
[Date "2007.06.09"]
[Round "4"]
[White "Sanikidze,T"]
[Black "Paichadze,L"]
[Result "1-0"]
[WhiteElo "2426"]
[BlackElo "2392"]

1.d4 Nf6 2.c4 e6 3.Nf3 b6 4.Nc3 Bb4 5.Bg5 Bb7 6.e3 Bxc3+ 7.bxc3 d6 8.Bd3 Nbd7
9.Qc2 h6 10.Bh4 e5 11.Bf5 Qe7 12.O-O-O e4 13.Nd2 g6 14.Bxd7+ Kxd7 15.Bxf6 Qxf6
16.Nxe4 Qh4 17.d5 f5 18.Qa4+ Kd8 19.Ng3 Bc8 20.Rd4 Qf6 21.Re1 Re8 22.Qd1 Bd7
23.f4 Kc8 24.Qf3 Kb7 25.e4 fxe4 26.Rdxe4 Rxe4 27.Rxe4 Rf8 28.Qe3 Rf7 29.Kd2 Qh4
30.h3 Qf6 31.Ne2 Bf5 32.Re8 Bd7 33.Rg8 c5 34.Qe4 Rg7 35.Rxg7 Qxg7 36.Ke3 Qf6
37.Kf3 h5 38.Ke3 Kc7 39.Kd2 Kd8 40.Ng1 Bf5 41.Qe1 Qe7 42.Qxe7+ Kxe7 43.Nf3 Bc8
44.Ke3 Ba6 45.Nd2 Bc8 46.Kf3 Bb7 47.a3 Bc8 48.g4 hxg4+ 49.hxg4 a6 50.Kg3 b5
51.Kh4 Kf6 52.Ne4+ Ke7 53.Kg5 bxc4 54.Nd2 Bb7 55.Kxg6 Bxd5 56.Kg7 Ke6 57.f5+ Ke5
58.f6 Kf4 59.f7 Bxf7 60.Kxf7 d5 61.Nxc4 d4 62.cxd4 cxd4 63.Ke6  1-0

[Event "2nd Maia Chiburdanidze Cup"]
[Site "Tbilisi GEO"]
[Date "2007.06.14"]
[Round "9"]
[White "Arutinian,D"]
[Black "Bagaturov,G"]
[Result "1-0"]
[WhiteElo "2544"]
[BlackElo "2478"]

1.d4 Nf6 2.c4 e6 3.Nf3 b6 4.Nc3 Bb7 5.e3 a6 6.a3 c5 7.d5 b5 8.e4 b4 9.e5 bxc3
10.exf6 gxf6 11.Qb3 Qa5 12.bxc3 Bc8 13.Bd3 f5 14.O-O Qc7 15.Bxf5 Bg7 16.Bd3 O-O
17.Re1 a5 18.Bg5 f6 19.Bh4 f5 20.Qc2  1-0

[Event "XXV Balaton GM"]
[Site "Balatonlelle HUN"]
[Date "2007.06.16"]
[Round "1"]
[White "Prohaszka,P2"]
[Black "Lindberg,Be"]
[Result "1-0"]
[WhiteElo "2443"]
[BlackElo "2443"]

1.d4 Nf6 2.c4 e6 3.Nf3 b6 4.Nc3 Bb4 5.Bg5 Bb7 6.e3 h6 7.Bh4 Bxc3+ 8.bxc3 d6
9.Nd2 Nbd7 10.f3 Qe7 11.e4 e5 12.Bd3 c5 13.d5 Nf8 14.Bf2 Nh5 15.g3 g6 16.Nf1 Bc8
17.Ne3 Nh7 18.h4 Bd7 19.Qc2 Kd8 20.O-O-O Kc7 21.Rde1 Rae8 22.Ng2 Qd8 23.Qd2 Qf6
24.Ref1 Qg7 25.Ne3 Rhf8 26.g4 Nf4 27.Bc2 Nf6 28.Bg3 Ng8 29.Rhg1 Ne7 30.Ng2 Nxg2
31.Rxg2 g5 32.Rh2 f6 33.Rfh1 Rh8 34.Qd1 Ref8 35.Ba4 Bc8 36.Kb1 h5 37.hxg5 hxg4
38.gxf6 Qxf6 39.fxg4 Rxh2 40.Rxh2 Qg6 41.Bc2 Bxg4 42.Qd2 Bf3 43.Bh4 Rf7 44.Qe3 Ng8
45.Rh3 Qg2 46.Rg3 Qh1+ 47.Kb2 Qxh4 48.Rxg8 Qf4 49.Qg1 Bh5 50.Qh1 Qf3 51.Qh4 Rd7
52.Qg5 Bf7 53.Rh8 Kb7 54.Qg7 Ka6 55.Qf8 Qe2 56.Qc8+ Rb7 57.Qc6 Qxc4 58.Bd3  1-0

[Event "White Nights"]
[Site "St Petersburg RUS"]
[Date "2007.06.27"]
[Round "3"]
[White "Krishilovsky,A"]
[Black "Androsov,S"]
[Result "1-0"]
[WhiteElo "2040"]
[BlackElo "2101"]

1.d4 e6 2.c4 Nf6 3.Nf3 b6 4.Nc3 Bb7 5.a3 Be7 6.d5 d6 7.e4 e5 8.Bd3 Nbd7 9.O-O Nf8
10.Nh4 g6 11.Bh6 Bc8 12.Nf3 Ng4 13.Bd2 h6 14.b4 g5 15.Ne1 Ng6 16.g3 Qd7 17.c5 a6
18.c6 Qd8 19.Ng2 Nf6 20.Ne3 Bh3 21.Re1 Nf4 22.Bf1 Bxf1 23.Rxf1 Ng6 24.Nf5 Qc8
25.Qf3 Qd8 26.Ng7+ Kf8 27.Nf5 Ne8 28.Kg2 Ng7 29.Rh1 Bf6 30.Rae1 Nxf5 31.exf5 Ne7
32.Qd3 Qc8 33.g4 Kg7 34.Ne4 Ng8 35.Re3 Be7 36.Rh3 Nf6 37.f3 Nxe4 38.fxe4 Bf6
39.Rh5 Qd8 40.Be3 Qc8 41.h4 gxh4 42.Qd2 Kf8 43.g5 hxg5 44.Rxh8+ Bxh8 45.Bxg5 f6
46.Rxh4 Kf7 47.Qe2 Qg8 48.Qh5+ Kf8 49.Qxh8  1-0

[Event "White Nights"]
[Site "St Petersburg RUS"]
[Date "2007.07.02"]
[Round "8"]
[White "Sichinava,Z"]
[Black "Lanin,A"]
[Result "1/2-1/2"]
[WhiteElo "2140"]
[BlackElo "2465"]

1.d4 Nf6 2.Nf3 e6 3.c4 b6 4.Nc3 Bb4 5.Bg5 Bb7 6.e3 Bxc3+ 7.bxc3 d6 8.Bd3 Nbd7
9.O-O Qe7 10.Nd2 e5 11.Ne4 h6 12.Bxf6 Nxf6 13.Nxf6+ Qxf6 14.Qa4+ Ke7 15.f4 e4
16.Be2 Rhd8 17.Qc2 Kf8 18.Rf2 Re8 19.Raf1 Kg8 20.g4 Qe7 21.Rg2 g5 22.Qd2 c5
23.Qe1 f6 24.Qg3 Rf8 25.Rgf2 Kg7 26.h4 Rae8 27.fxg5 fxg5 28.Rxf8 Rxf8 29.Rxf8 Kxf8
30.hxg5 hxg5 31.Qh2  1/2-1/2

[Event "Asian Youth BU16"]
[Site "Tashkent UZB"]
[Date "2007.07.04"]
[Round "6"]
[White "Ashwath,R"]
[Black "Swayams,M"]
[Result "1-0"]
[WhiteElo "2263"]
[BlackElo "2161"]

1.d4 Nf6 2.c4 e6 3.Nf3 b6 4.Nc3 Bb4 5.Bg5 Bb7 6.e3 h6 7.Bh4 c5 8.Be2 d6 9.O-O Bxc3
10.bxc3 g5 11.Bg3 Ne4 12.Qc2 h5 13.h4 Nd7 14.Bd3 f5 15.hxg5 Nxg5 16.Nh4 Ne4
17.d5 Nxg3 18.fxg3 Qg5 19.dxe6 Ne5 20.Nxf5 O-O-O 21.e7 Rd7 22.Nxd6+ Rxd6
23.Rf8+ Kc7 24.e8=Q Rxf8 25.Qxf8 Qxg3 26.Be4 Qxe3+ 27.Qff2 Qg5 28.Bxb7 Kxb7
29.Qe4+ Kc7 30.Qef4  1-0

[Event "Summer GM"]
[Site "Lugansk UKR"]
[Date "2007.07.05"]
[Round "7"]
[White "Tkachenko,G"]
[Black "Blednov,S"]
[Result "1-0"]
[WhiteElo "2318"]
[BlackElo "2301"]

1.d4 Nf6 2.c4 e6 3.Nf3 b6 4.Nc3 Bb7 5.Bg5 Bb4 6.e3 h6 7.Bxf6 Qxf6 8.Be2 O-O
9.O-O d6 10.Nd2 Bxc3 11.bxc3 e5 12.Bf3 Bxf3 13.Nxf3 Nd7 14.Qa4 Qe6 15.Qc6 Rac8
16.a4 a5 17.Rfe1 Rfe8 18.Rab1 f5 19.g3 Nf6 20.Rb5 Ne4 21.Rc1 Ng5 22.Nxg5 hxg5
23.c5 bxc5 24.dxc5 f4 25.exf4 exf4 26.cxd6 cxd6 27.Qd5 Qxd5 28.Rxd5 f3 29.Rd3 g4
30.h3 gxh3 31.Rxf3 g5 32.Rd1 Rc4 33.Rxd6 Rxa4 34.Rg6+ Kh7 35.Rxg5 Ra1+ 36.Kh2 Ree1
37.Kxh3  1-0

[Event "Summer GM"]
[Site "Lugansk UKR"]
[Date "2007.07.07"]
[Round "10"]
[White "Pushkov,N"]
[Black "Soshnikov,M"]
[Result "1-0"]
[WhiteElo "2513"]
[BlackElo "2265"]

1.d4 Nf6 2.c4 e6 3.Nf3 b6 4.Nc3 Bb7 5.a3 Be7 6.d5 d6 7.e4 O-O 8.Be2 Nbd7
9.O-O Nc5 10.Qc2 a5 11.Be3 Ng4 12.Bxc5 bxc5 13.h3 Nf6 14.dxe6 fxe6 15.e5 Nd7
16.exd6 cxd6 17.Rad1 Qb6 18.Rfe1 Bf6 19.Rd2 Ne5 20.Ne4 Nxf3+ 21.Bxf3 Rad8
22.Nxf6+ Rxf6 23.Bxb7 Qxb7 24.Qe4 Qxe4 25.Rxe4 Kf7 26.f3 Ke7 27.Kf2 g5 28.Ke2 Rf4
29.Rxf4 gxf4 30.Kd3 Kf6 31.Ke4 Kg5 32.h4+ Kxh4 33.Kxf4 Kh5 34.g4+ Kg6 35.g5 a4
36.Rh2 Rf8+ 37.Kg4 Rb8 38.Rh6+ Kg7 39.Rxe6 Rxb2 40.Rxd6 Rc2 41.f4 Rxc4 42.Kf5 Rc1
43.Rd7+ Kf8 44.Kf6 Ke8 45.Rxh7 c4 46.g6  1-0

[Event "6th Open"]
[Site "La Fere FRA"]
[Date "2007.07.09"]
[Round "3"]
[White "Labarthe,A"]
[Black "Ly,An"]
[Result "0-1"]
[WhiteElo "1952"]
[BlackElo "2119"]


1.d4 Nf6 2.c4 e6 3.Nf3 b6 4.Nc3 Bb7 5.a3 Be7 6.d5 O-O 7.e4 exd5 8.cxd5 d6
9.Be2 Re8 10.O-O Bf8 11.Qc2 c6 12.dxc6 Bxc6 13.Bd3 Nbd7 14.Nd4 Bb7 15.f3 Rc8
16.Bg5 d5 17.exd5 h6 18.Bxf6 Nxf6 19.Bb5 Bc5 20.Qd3 Re5 21.b4 Bf8 22.Rae1 Rh5
23.Re3 Rxc3 24.Qxc3 Nxd5 25.Qe1 Nxe3 26.Qxe3 Qd6 27.Bc4 Qxh2+ 28.Kf2 Re5
29.Qd3 Be7 30.Bxf7+ Kh8  0-1

[Event "WGM"]
[Site "Bad Homburg GER"]
[Date "2007.07.10"]
[Round "5"]
[White "Zhao Xue"]
[Black "Peptan,C"]
[Result "1-0"]
[WhiteElo "2500"]
[BlackElo "2411"]

1.d4 Nf6 2.c4 e6 3.Nf3 b6 4.Nc3 Bb7 5.a3 g6 6.Qc2 Bg7 7.e4 d6 8.Be2 Nbd7
9.O-O O-O 10.Rb1 Re8 11.b4 d5 12.cxd5 exd5 13.e5 Ne4 14.Nxe4 dxe4 15.Ng5 Nf8
16.Bc4 Ne6 17.Bxe6 fxe6 18.Be3 Qd5 19.Qxc7 Rf8 20.Nxe6 Rf7 21.Qd6 Qxd6 22.exd6 Re8
23.Nxg7 Kxg7 24.Bg5 Rd7 25.Rfc1 Kf7 26.Rc7 Ke6 27.Rbc1 Bd5 28.Bf4 Red8 29.h4 h6
30.R1c3 a6 31.Rg3 Rg8 32.Bxh6 Kxd6 33.Bf4+ Ke7 34.Rg5 Be6 35.d5 Rxc7 36.Bxc7 Bf7
37.Bxb6 Rh8 38.Re5+ Kd6 39.Rxe4 Kxd5 40.Rg4 Kc6 41.Be3 Kb5 42.Rg5+ Kc6 43.Ra5 Kb7
44.b5 Bc4 45.b6 Rxh4 46.Rc5 Bd3 47.Rc7+ Kb8 48.Rf7 Be4 49.Bf4+ Kc8 50.Bg3  1-0

[Event "Inautomarket Open"]
[Site "Minsk BLR"]
[Date "2007.07.12"]
[Round "3"]
[White "Bocharov,D"]
[Black "Podolchenko,E"]
[Result "1-0"]
[WhiteElo "2605"]
[BlackElo "2458"]

1.d4 Nf6 2.Nf3 e6 3.c4 b6 4.Nc3 Bb4 5.Qb3 Ba5 6.Bg5 Bb7 7.e3 c5 8.Be2 cxd4
9.exd4 O-O 10.O-O Bxc3 11.bxc3 d6 12.a4 Nbd7 13.a5 Qc7 14.Ra3 d5 15.cxd5 Bxd5
16.c4 Be4 17.Rfa1 Rac8 18.axb6 axb6 19.Nd2 Bb7 20.Qe3 Ra8 21.Bf4 Rxa3 22.Rxa3 Qc6
23.Bf3 Qc8 24.Bd6 Re8 25.h3 Nb8 26.Be5 Nbd7 27.Ra7 Bxf3 28.Qxf3 Nxe5 29.dxe5 Nd7
30.Ne4 Nxe5 31.Qg3 Ng6 32.Nd6 Qb8 33.Rb7 Qa8 34.Rxb6 Rd8 35.c5 Qd5 36.Qf3 Qxf3
37.gxf3 h6 38.Rb7 Ne5 39.Rb3 g5 40.Kg2 Kg7 41.Kg3 f5 42.f4 gxf4+ 43.Kxf4 Kf6
44.Ke3 Ng6 45.Rb7 Ne7 46.Kd4 Nc8 47.Rb8 Rxd6+ 48.cxd6 Nxd6 49.h4 Nf7 50.Rg8 Ne5
51.h5 Nf7 52.Rg6+ Ke7 53.Kc5 Kd7 54.Kb6 Kd6 55.Rg7 Ke7 56.Kc7 f4 57.Rg6 e5
58.Kc6 e4 59.Kd5 e3 60.fxe3 fxe3 61.Re6+ Kf8 62.Rxe3 Kg7 63.Re6 Ng5 64.Rg6+ Kh7
65.Ke5 Nh3 66.Ra6 Kg7 67.Kf5  1-0

[Event "Inautomarket Open"]
[Site "Minsk BLR"]
[Date "2007.07.12"]
[Round "3"]
[White "Zaiatz,E"]
[Black "Kliza,M"]
[Result "1-0"]
[WhiteElo "2392"]
[BlackElo "2232"]

1.d4 Nf6 2.c4 e6 3.Nf3 b6 4.Nc3 Bb4 5.e3 Ne4 6.Qc2 Bb7 7.Bd3 f5 8.O-O Bxc3
9.bxc3 O-O 10.Nd2 Qh4 11.f3 Nxd2 12.Bxd2 d6 13.d5 Na6 14.dxe6 g6 15.g3 Qe7
16.e4 fxe4 17.Bxe4 Bxe4 18.Qxe4 Nc5 19.Qd4 Nxe6 20.Qd5 Rae8 21.Rae1 Rf5 22.Qb7 Qf7
23.f4 Qd7 24.g4 Ra5 25.f5 gxf5 26.gxf5 Nf8 27.Qg2+ Kf7 28.Bh6  1-0

[Event "1st LCT"]
[Site "Leiden NED"]
[Date "2007.07.14"]
[Round "2"]
[White "Van der Bent,G"]
[Black "Van den Doel,E"]
[Result "0-1"]
[WhiteElo "1983"]
[BlackElo "2587"]

1.d4 Nf6 2.c4 e6 3.Nf3 b6 4.Nc3 Bb7 5.Bg5 h6 6.Bh4 g5 7.Bg3 Nh5 8.e4 Nxg3
9.hxg3 Bg7 10.Be2 d6 11.d5 Bxc3+ 12.bxc3 Qf6 13.Qa4+ Kf8 14.Qc2 Nd7 15.Nd4 e5
16.Nf5 Nc5 17.O-O-O Bc8 18.Bg4 h5 19.Rxh5 Rxh5 20.Bxh5 Bxf5 21.exf5 g4 22.f4 exf4
23.gxf4 Qh4 24.Bxg4 Qxg4 25.Rh1 Qxf4+ 26.Kb1 Ke7  0-1

[Event "Inautomarket Open"]
[Site "Minsk BLR"]
[Date "2007.07.14"]
[Round "5"]
[White "Bocharov,D"]
[Black "Khismatullin,D"]
[Result "1/2-1/2"]
[WhiteElo "2605"]
[BlackElo "2566"]

1.d4 Nf6 2.c4 e6 3.Nf3 b6 4.Nc3 Bb4 5.Bg5 Bb7 6.Nd2 Nc6 7.a3 Be7 8.e3 O-O
9.Be2 d5 10.O-O dxc4 11.Nxc4 Nd5 12.Bxe7 Ncxe7 13.Rc1 a5 14.Qd2 Ng6 15.f3 Qe7
16.Rfd1 Rad8 17.Bf1 Rd7 18.e4 Nxc3 19.Qxc3 Rfd8 20.Rd2 h5 21.Ne3 Qg5 22.Rcd1 Kh7
23.Bc4 h4 24.Ba2 Nf4 25.Kf2 c5 26.Bb1 g6 27.dxc5 Rxd2+ 28.Rxd2 Rxd2+ 29.Qxd2 Nxg2
30.cxb6 Nxe3 31.Qxe3 Qe5 32.Kg1 Qxb2 33.Bd3 h3 34.Bf1 Ba6 35.Bxh3 Kg7 36.Bg2 a4
37.h3 e5 38.Kh1 Qc2 39.h4 Kg8 40.Bh3 Qb3 41.Qc5 Qxf3+ 42.Bg2 Qf4 43.Qe7 Qc1+
44.Kh2 Qf4+ 45.Kh1 Qc1+ 46.Kh2 Qb2 47.Kg3 Qxb6 48.Qe8+ Kg7 49.Qxe5+ Kh7  1/2-1/2

[Event "XII Open"]
[Site "Balaguer ESP"]
[Date "2007.07.19"]
[Round "4"]
[White "Gelashvili,T"]
[Black "Pogorelov,R"]
[Result "1-0"]
[WhiteElo "2604"]
[BlackElo "2453"]

1.d4 Nf6 2.c4 e6 3.Nf3 b6 4.Nc3 Bb4 5.Bg5 h6 6.Bh4 Bb7 7.Nd2 Bxc3 8.bxc3 d6
9.f3 Nbd7 10.e4 Qe7 11.Qa4 g5 12.Bf2 Kf8 13.Bd3 Kg7 14.h4 a6 15.g4 Nf8 16.hxg5 hxg5
17.Rxh8 Kxh8 18.Be3 N6d7 19.O-O-O Kg7 20.Rh1 f6 21.f4 gxf4 22.Bxf4 e5 23.Bh6+ Kf7
24.g5 Ne6 25.g6+ Kg8 26.d5 Ndc5 27.Qc2 Nf4 28.Bxf4 exf4 29.Nf3 Re8 30.Rh7 Nxd3+
31.Qxd3 Qxe4 32.Qxe4 Rxe4 33.Rxc7 Re3 34.Nd4 f3 35.Nf5  1-0

[Event "11th Festival Open A"]
[Site "Senta SRB"]
[Date "2007.07.22"]
[Round "2"]
[White "Simonyi,Z"]
[Black "Govedarica,R"]
[Result "0-1"]
[WhiteElo "2230"]
[BlackElo "2394"]

1.d4 Nf6 2.Nf3 e6 3.c4 b6 4.Nc3 Bb4 5.g3 Bb7 6.Bg2 O-O 7.O-O Bxc3 8.bxc3 Be4
9.a4 Nc6 10.Nd2 Bxg2 11.Kxg2 d5 12.Re1 e5 13.e3 Re8 14.Bb2 e4 15.Qe2 Ne7
16.a5 Qd7 17.Ra2 dxc4 18.Nxc4 Qe6 19.Rea1 b5 20.Ne5 a6 21.c4 bxc4 22.Rc1 Nfd5
23.Ra4 Reb8 24.Raxc4 Rb5 25.Ba3 Nf5 26.Rc6 Qe8 27.R6c5 Nd6 28.Qg4 Qe6 29.Qxe6 fxe6
30.Rxb5 axb5 31.Nc6 Nc4 32.Bc5 Kf7 33.Ra1 Ra6 34.Nd8+ Ke8 35.Nb7 g6 36.Kh3 Nd6
37.Nxd6+ cxd6 38.Bb6 Kd7 39.Rb1 b4 40.Kg4 Nxb6 41.Rxb4 Nd5 42.Ra4 h6 43.h4 Ke7
44.Ra2 Kf6 45.h5 g5 46.Kh3 e5 47.dxe5+ Kxe5 48.Rb2 Rxa5 49.Rb8 Nf6 50.g4 Ra1
51.Rh8 Rg1 52.Rxh6 Rxg4 53.Rg6 Rh4+ 54.Kg2 Rxh5 55.Rg7 Kf5 56.Ra7 d5 57.Ra8 g4
58.Rd8 Rh3 59.Kf1 g3 60.fxg3 Rxg3 61.Ke2 Ke6 62.Ra8 Ng4 63.Ra3 Rxe3+  0-1

[Event "IMA"]
[Site "Dimitrov RUS"]
[Date "2007.07.23"]
[Round "2"]
[White "Kanter,E"]
[Black "Vasilkova,S"]
[Result "1/2-1/2"]
[WhiteElo "2272"]
[BlackElo "2331"]

1.d4 Nf6 2.Nf3 e6 3.c4 b6 4.Nc3 Bb7 5.g3 Be7 6.Bg2 O-O 7.O-O Ne4 8.Nxe4 Bxe4
9.d5 Bf6 10.Nd4 Bxg2 11.Kxg2 c5 12.Nf3 exd5 13.Qxd5 Nc6 14.Bg5 Re8 15.e3 h6
16.Bxf6 Qxf6 17.b3 Rad8 18.Rad1 Nb4 19.Qd6 Qe6 20.Rd2 Qe4 21.a3 Nc6 22.Qd5 Na5
23.Qxe4 Rxe4 24.Rd3 Kf8 25.Rfd1 Ke8 26.Nd2 Re6 27.f4 f5 28.Kf3 Nc6 29.Nb1 a6
30.Nc3 Na5 31.Nd5 Rc8 32.g4 fxg4+ 33.Kxg4 b5 34.f5 Rec6 35.Rc3 bxc4 36.bxc4 Rb8
37.Nf4 Rb2 38.h4 Rcb6 39.Rd5 R2b3 40.Rxb3 Rxb3 41.Rxc5 Nc6 42.Nd5 Rxa3 43.f6 gxf6
44.Nxf6+ Ke7 45.Ng8+ Ke6 46.Nxh6  1/2-1/2

[Event "XII Open"]
[Site "Balaguer ESP"]
[Date "2007.07.25"]
[Round "10"]
[White "Gupta,Ab"]
[Black "Aroshidze,L"]
[Result "1/2-1/2"]
[WhiteElo "2472"]
[BlackElo "2470"]

1.d4 Nf6 2.c4 e6 3.Nf3 b6 4.Nc3 Bb7 5.a3 d5 6.cxd5 Nxd5 7.e3 Nd7 8.Bd3 Nxc3
9.bxc3 c5 10.O-O Be7 11.e4 Qc7  1/2-1/2

[Event "11th Festival Open A"]
[Site "Senta SRB"]
[Date "2007.07.25"]
[Round "6"]
[White "Simonyi,Z"]
[Black "Perunovic,Mio"]
[Result "0-1"]
[WhiteElo "2230"]
[BlackElo "2368"]

1.d4 Nf6 2.Nf3 e6 3.c4 b6 4.Nc3 Bb4 5.Bd2 Bb7 6.e3 O-O 7.Bd3 d5 8.O-O Nbd7
9.Rc1 a6 10.Qe2 Bd6 11.e4 dxc4 12.Bxc4 e5 13.d5 Re8 14.Rfd1 Nf8 15.h3 Ng6
16.g3 h6 17.Kg2 Qe7 18.Nh2 Rf8 19.Ng4 Nh7 20.Ne3 Bc8 21.Nf5 Qd7 22.g4 Re8
23.Kh1 Bf8 24.Be3 Nf4 25.Bxf4 exf4 26.e5 Qd8 27.e6 Bd6 28.Ne4 Ng5 29.h4 Nxe4
30.Qxe4 Bb7 31.Kg1 Rxe6 32.Qg2 Re5 33.Rd4 Bc5 34.Rd3 Qf6 35.Qf3 Rae8 36.Rdd1 Kh8
37.Qxf4 Re4 38.Qf3 g6 39.b4 Bd6 40.Nd4 Rf4 41.Qc3 Rxg4+ 42.Kf1 Be5 43.Qe3 Kg7
44.Nc6 Bd4 45.Qxd4 Rxd4 46.Nxd4 Qxh4 47.Nf3 Qh3+ 48.Kg1 Re4 49.Rd4 Rxd4 50.Nxd4 Qg4+
51.Kf1 Qxd4  0-1

[Event "11th Festival Open A"]
[Site "Senta SRB"]
[Date "2007.07.26"]
[Round "8"]
[White "Simonyi,Z"]
[Black "Lajthajm,B"]
[Result "0-1"]
[WhiteElo "2230"]
[BlackElo "2511"]

1.d4 Nf6 2.Nf3 e6 3.c4 b6 4.Nc3 Bb4 5.g3 O-O 6.Bg2 Bb7 7.O-O Bxc3 8.bxc3 d6
9.Re1 Nbd7 10.a4 a5 11.Qb3 Re8 12.Be3 Rb8 13.Rad1 h6 14.Bc1 e5 15.Nh4 Bxg2
16.Kxg2 e4 17.Qb5 Qc8 18.h3 Nf8 19.Kh2 Ng6 20.Nxg6 fxg6 21.Be3 Kh7 22.Rb1 c6
23.Qb3 g5 24.Rb2 Qe6 25.Reb1 d5 26.c5 Nd7 27.Qc2 Rb7 28.cxb6 Reb8 29.c4 Rxb6
30.c5 Rxb2 31.Rxb2 Ra8 32.Rb7 Kg8 33.Kg2 Qe8 34.Qb1 Qc8 35.Bd2 Kh8 36.f4 exf3+
37.exf3 Nf8 38.Qb6 Qe6 39.Kf2 Re8 40.Qa6 Qxh3 41.Bxa5 Qh2+ 42.Kf1 g4 43.Rf7 Kg8
44.Rf5 Qxg3 45.fxg4 Qh3+ 46.Kf2 Qxg4 47.Qd3 Re4 48.Rf3 Rxd4 49.Qc2 Qh4+ 50.Rg3 Rxa4
51.Bc7 Rc4 52.Qd3 Qh2+ 53.Kf3 Qh5+ 54.Kg2 Ne6 55.Qd2 Nxc7  0-1

[Event "33rd Open"]
[Site "Sitges ESP"]
[Date "2007.07.26"]
[Round "9"]
[White "Vidarte Morales,A"]
[Black "Czakon,J"]
[Result "1/2-1/2"]
[WhiteElo "2404"]
[BlackElo "2505"]

1.d4 Nf6 2.c4 e6 3.Nf3 b6 4.Nc3 Bb4 5.Bg5 h6 6.Bh4 Bb7 7.e3 Bxc3+ 8.bxc3 d6
9.Nd2 Nbd7 10.f3 Qe7 11.Be2 g5 12.Bf2 O-O-O 13.Qc2 h5 14.h4 g4 15.e4 gxf3
16.gxf3 Rdg8 17.Be3 Nh7 18.O-O-O Rg2 19.Bf1 Rg7 20.Kb1 Rhg8 21.c5 dxc5 22.Qa4 Kb8
23.Nb3 c4 24.Bxc4 Rg2 25.Bb5 Nhf8 26.Bg5 f6 27.Be3 R2g3 28.Nd2 R8g7 29.Bf4 Rg2
30.Bh6 Rh7 31.Be3 Qd6 32.Bf1 Rg8 33.Qc2 Qe7 34.Nc4 e5 35.d5 Nc5 36.d6 cxd6
37.Nxd6 Nfe6 38.Bc4 Rd8 39.Nxb7 Nxb7 40.Rxd8+ Nexd8 41.Bd5 Rg7 42.f4 Nc5
43.fxe5 fxe5 44.Bg5 Rxg5 45.hxg5 Qxg5 46.Qh2 Nd3 47.Qxh5 Qd2 48.Qh2 Qxc3
49.Qc2 Qxc2+ 50.Kxc2 Nb4+ 51.Kc3 Nbc6 52.Rh7 b5 53.a3 Kc8 54.Kd3 a6 55.Ke3 Kb8
56.Kf3 Kc8 57.Kg4 Nb8 58.Kf5 Nd7 59.Rg7 a5 60.Be6 Nxe6 61.Kxe6 Nb6 62.Kd6 Nc4+
63.Kc6 Kd8 64.Kxb5 Nxa3+ 65.Kxa5 Nc4+ 66.Kb4 Nd2 67.Rg4 Ke7 68.Kc3 Nf3 69.Rg3 Nd4
70.Kc4 Ne2 71.Ra3 Nf4 72.Ra6 Kd7 73.Kc5 Nd3+ 74.Kc4 Nf4 75.Rh6 Ke7 76.Kc5 Kd7
77.Rd6+ Ke7 78.Kc6 Ne2 79.Kd5 Nc3+ 80.Kxe5 Nxe4 81.Rg6 Nc5 82.Rg7+ Kd8 83.Kd5 Nd7
84.Kd6 Nf8 85.Rf7 Ke8 86.Re7+ Kd8 87.Re2 Nd7 88.Rb2 Ke8 89.Rb7 Nf8 90.Rg7 Kd8
91.Rf7 Ke8 92.Rf5 Ng6 93.Rf3 Nf8 94.Rf6 Nd7 95.Re6+ Kd8 96.Re7 Nf8 97.Ra7 Ke8
98.Rb7 Ng6 99.Rg7 Nf8 100.Ke5 Nd7+ 101.Kf5 Nf8 102.Rb7 Nd7 103.Ra7 Ke7 104.Ra6 Nf8
105.Ra7+ Nd7 106.Rb7  1/2-1/2

[Event "MTO"]
[Site "Biel SUI"]
[Date "2007.07.28"]
[Round "6"]
[White "Klauser,M"]
[Black "Roiz,M"]
[Result "1/2-1/2"]
[WhiteElo "2391"]
[BlackElo "2630"]

1.d4 e6 2.c4 Nf6 3.Nf3 b6 4.Nc3 Bb7 5.a3 g6 6.Bg5 Bg7 7.e3 d6 8.Bh4 Nbd7
9.Be2 h6 10.h3 O-O 11.O-O Qe7 12.Rc1 c5 13.b4 Rfd8 14.Qb3 Rac8 15.Rfd1 cxd4
16.Nxd4 a6 17.Nf3 g5 18.Bg3 Ne8 19.Na4 Bc6 20.Nd4 Ba8 21.Nf3 Bc6 22.Nd4 Be4
23.Nc3 Ba8 24.Na4 d5 25.cxd5 Bxd5 26.Qb1 b5 27.Nc3 Bb7 28.a4 bxa4 29.Nxa4 Nef6
30.Bc7 Re8 31.Nc6 Bxc6 32.Rxc6 Nd5  1/2-1/2

[Event "Arximiro Penide Cedeira Mem"]
[Site "Arteixo ESP"]
[Date "2007.07.30"]
[Round "7"]
[White "Manolache,M"]
[Black "Rusev,K"]
[Result "1/2-1/2"]
[WhiteElo "2528"]
[BlackElo "2443"]

1.d4 Nf6 2.Nf3 e6 3.c4 b6 4.Nc3 Bb7 5.a3 d5 6.e3 Nbd7 7.cxd5 exd5 8.Bd3 a6
9.O-O Bd6 10.b4 O-O 11.Bb2 Qe7 12.Qb3 b5 13.Rfe1 Nb6 14.a4 bxa4 15.Nxa4 Bxb4
16.Rec1 Nxa4 17.Rxa4 Bd6 18.Qxb7 Rab8 19.Qxa6 Rxb2 20.Ra2 Rb6 21.Qa5 g6 22.g3 Rfb8
23.Rac2 R8b7 24.Be2 Kg7 25.Qa8 Qe6 26.Nd2 Qf5 27.Kg2 h5 28.h3 Rb8 29.Qa4 Rb4
30.Qa6 R4b6 31.Qd3 Qe6 32.Bf3 Rb4 33.Rc6 Qd7 34.R1c2 Ra8 35.R6c3 Qe6 36.Rb3 Rba4
37.Rcb2 Ra1 38.Rb1 R1a2 39.R1b2 Ra1 40.Nb1 R1a7 41.Rb5 c6 42.Rb6 Bc7 43.R6b4 h4  1/2-1/2

[Event "Open"]
[Site "Olomouc CZE"]
[Date "2007.08.02"]
[Round "1"]
[White "Skalski,M"]
[Black "Zikan,K"]
[Result "1-0"]
[WhiteElo "2330"]
[BlackElo "1870"]

1.d4 Nf6 2.c4 e6 3.Nf3 b6 4.Nc3 Bb7 5.a3 Be7 6.d5 exd5 7.cxd5 d6 8.e4 Nbd7
9.Bd3 Ng4 10.Nd4 Nge5 11.Be2 Bf6 12.O-O O-O 13.Be3 Re8 14.Rc1 Rc8 15.f4 Ng6
16.Bf3 Ne7 17.Re1 g6 18.b4 a6 19.Qd3 Bg7 20.g4 Nf8 21.g5 c5 22.Nde2 Nd7 23.Bg4 Ra8
24.Ng3 a5 25.b5 Bc8 26.h3 f6 27.Be6+ Kh8 28.h4 Ng8 29.Rc2 Nf8 30.f5 Bxe6
31.dxe6 Ne7 32.Rd1 fxg5 33.hxg5 Be5 34.Rg2 c4 35.Qc2 Qb8 36.Nge2 Qb7 37.Nf4 gxf5
38.exf5 Nxf5 39.Qxf5 Bxc3 40.Rxd6 Qe7 41.Rxb6 Qxa3 42.Rh2 Re7 43.Nd5 Rg7
44.e7 Ng6 45.Rxg6 Qa1+ 46.Kg2 Qb2+ 47.Bf2  1-0

[Event "Open"]
[Site "Kavala GRE"]
[Date "2007.08.05"]
[Round "2"]
[White "Svetushkin,D"]
[Black "Dzagnidze,N"]
[Result "1-0"]
[WhiteElo "2618"]
[BlackElo "2404"]

1.d4 Nf6 2.c4 e6 3.Nf3 b6 4.Nc3 Bb7 5.Bg5 h6 6.Bh4 Bb4 7.Nd2 c5 8.d5 Bxc3
9.bxc3 exd5 10.cxd5 Bxd5 11.e4 Be6 12.e5 g5 13.Bg3 Nd5 14.Ne4 Nc6 15.h4 g4
16.Be2 Qc7 17.Nd6+ Kf8 18.Rc1 h5 19.f3 gxf3 20.Bxf3 Rg8 21.Bh2 Ne3 22.Qd2 Ng4
23.Bxg4 Rxg4 24.O-O Qd8 25.Rf6 Ne7 26.Qh6+ Kg8 27.Qxh5 Rg7 28.Rcf1 Bg4 29.Qh6 Be6
30.Ne4 Rh7 31.Qg5+ Kh8 32.Rh6 Ng8 33.Rxh7+ Kxh7 34.Nf6+ Nxf6 35.exf6 Qf8
36.Bf4 c4 37.Kh2 Rc8 38.Qh5+  1-0